SIPRI Yearbook 2000: Armaments, Disarmament, and International Security (SIPRI Yearbook Series) (Record no. 617129)

MARC details
000 -LEADER
fixed length control field 00957nam a22001937a 4500
008 - FIXED-LENGTH DATA ELEMENTS--GENERAL INFORMATION
fixed length control field 260307b |||||||| |||| 00| 0 eng d
020 ## - INTERNATIONAL STANDARD BOOK NUMBER
ISBN 9780199241620
Paper back/Hardbound hbk
041 ## - LANGUAGE CODE
Language code of text/sound track or separate title eng
082 ## - DEWEY DECIMAL CLASSIFICATION NUMBER
Classification number 327.05
Item number SIP
100 ## - MAIN ENTRY--AUTHOR NAME
Personal name sipri
245 ## - TITLE STATEMENT
Title SIPRI Yearbook 2000: Armaments, Disarmament, and International Security (SIPRI Yearbook Series)
Statement of responsibility, etc /Stockholm International Peace Research Institute
260 ## - PUBLICATION, DISTRIBUTION, ETC. (IMPRINT)
Name of publisher OUP Oxford
Year of publication 2000.
300 ## - PHYSICAL DESCRIPTION
Number of Pages 800p,;
Dimensions 20 cm.
504 ## - BIBLIOGRAPHY, ETC. NOTE
Bibliography, etc Includes bibliographies and index
520 ## - SUMMARY, ETC.
Summary, etc The 31st edition of the Yearbook analyses developments in 1999 in: Security and conflicts; Military spending and armaments; Non-proliferation, arms control and disarmament, with extensive annexes on arms control and disarmament agreements, a chronology of security- and arms control-related events, and a comprehensive glossary of terms and membership of international organizations.
650 ## - SUBJECT ADDED ENTRY--TOPICAL TERM
Topical Term political science
942 ## - ADDED ENTRY ELEMENTS (KOHA)
Koha item type Reference
Holdings
Withdrawn status Lost status Damaged status Not for loan Home library Current library Shelving location Date acquired Full call number Accession Number Price effective from Koha item type
        Anna Centenary Library Anna Centenary Library 3RD FLOOR, B WING 07.03.2026 327.05 SIP 190261 07.03.2026 Reference

Find us on the map